[Event "GER-ch U18 sf Berlin Online"]
[Site "Playchess.com INT"]
[Date "2020.05.01"]
[Round "9"]
[White "Henning, Marvin"]
[Black "Kullen, Josua"]
[Result "1-0"]
[WhiteElo "2188"]
[BlackElo "1620"]
[PlyCount "47"]
[EventDate "2020.05.01"]
[EventType "swiss (blitz)"]
[EventRounds "13"]
[EventCountry "GER"]
[SourceTitle "CBM 195 Extra"]
[Source "ChessBase"]
[SourceDate "2020.05.31"]
[SourceVersion "1"]
[SourceVersionDate "2020.05.31"]
[SourceQuality "1"]

1. e4 e6 2. d4 d5 3. exd5 exd5 4. c4 Nf6 5. Nc3 Bb4 6. Nf3 0-0 7. Be3 Re8 8. Bd3 Bg4 9. 0-0 c6 10. h3 Bh5 11. a3 Bd6 12. cxd5 Nxd5 13. Nxd5 cxd5 14. g4 Bg6 15. Bxg6 hxg6 16. Qb3 Bc7 17. Qxb7 Nd7 18. Rac1 Bb6 19. Kg2 Nf6 20. Ne5 Rc8 21. Qxf7+ Kh7 22. Qxg6+ Kg8 23. Bg5 Re6 24. Qf7+ 1-0

[Event "GER-ch U18 sf Berlin Online"]
[Site "Playchess.com INT"]
[Date "2020.05.01"]
[Round "5"]
[White "Kullen, Josua"]
[Black "Kopylov, Daniel"]
[Result "0-1"]
[WhiteElo "1620"]
[BlackElo "2173"]
[PlyCount "42"]
[EventDate "2020.05.01"]
[EventType "swiss (blitz)"]
[EventRounds "13"]
[EventCountry "GER"]
[SourceTitle "CBM 195 Extra"]
[Source "ChessBase"]
[SourceDate "2020.05.31"]
[SourceVersion "1"]
[SourceVersionDate "2020.05.31"]
[SourceQuality "1"]

1. c4 g6 2. Nc3 c5 3. g3 Nc6 4. Bg2 Bg7 5. Nf3 e6 6. a3 Nge7 7. Rb1 d5 8. cxd5 exd5 9. b4 Bf5 10. d3 Bxc3+ 11. Bd2 cxb4 12. Bxc3 bxc3 13. Rxb7 0-0 14. Qc2 d4 15. Nh4 Be6 16. e3 Rb8 17. Rxb8 Qxb8 18. exd4 Qb2 19. Qxb2 cxb2 20. 0-0 Rb8 21. Rb1 Ba2 0-1